Normal view
MARC view
- Magnuson, Deborah J. McClendon
Entry Personal Name
001 - CONTROL NUMBER
- control field: 14962
003 - CONTROL NUMBER IDENTIFIER
- control field: OSt
005 - DATE AND TIME OF LATEST TRANSACTION
- control field: 20260202132647.0
008 - FIXED-LENGTH DATA ELEMENTS
- fixed length control field: 260202|| aca||aabn | a|a d
040 ## - CATALOGING SOURCE
- Original cataloging agency: OSt
- Transcribing agency: OSt
100 ## - HEADING--PERSONAL NAME
- Personal name: Magnuson, Deborah J. McClendon
670 ## - SOURCE DATA FOUND
- Source citation: Work cat.: (OSt)5931: Lippman, Marcia Z. 14961, Study guide and activities for Shaffer's developmental psychology :, c1996.